000 00795nam a22002057a 4500
005 20170809105326.0
008 170623b xxu||||| |||| 00| 0 eng d
020 _a9781743603697
050 _aPC 2112.5
_b.F873 2015
082 _aTR 448
_bF87 2015
245 _aFrench : phrasebook and CD /
250 _a3rd edition
260 _aAustralia :
_bLonely Planet,
_cc2015.
300 _a271 p. :
_bcol. illustrations ;
_c14 cm. +
_e1 CD
650 _2Library of Congress Subject Headings
_aFrench language
_vConversation and phrasebooks
_xEnglish
650 _2Library of Congress Subject Headings
_aFrench language
_vSound recordings for English speakers
650 _2Library of Congress Subject Headings
_aFrench language
_vDictionaries
_xEnglish
942 _2lcc
_cBK
999 _c335245
_d335245